| 000 | 00844 a2200241 4500 | ||
|---|---|---|---|
| 003 | OSt | ||
| 005 | 20180116182753.0 | ||
| 008 | 170803b xxu||||| |||| 00| 0 eng d | ||
| 020 | _a0 | ||
| 020 | _a0 | ||
| 040 | _c0 | ||
| 082 | _a332.1095491 IPS 1994 | ||
| 100 | _aInstitute of Policy Studies | ||
| 110 | _aInstitute of Policy Studies | ||
| 245 | 0 | 0 |
_aElimination Of RIBA From The Economy. _cInstitute of Policy Studies |
| 260 |
_a[S.l.] : _bInstitute of Policy Studies, _c1994. |
||
| 300 |
_a425 p. _bHB |
||
| 440 | _aElimination Of RIBA From The Economy. | ||
| 500 | _aUnknown Binding. | ||
| 856 | 4 | 0 |
_3Amazon.com _uhttp://www.amazon.com/exec/obidos/ASIN/9694480221/chopaconline-20 |
| 856 | 4 | 0 |
_3Amazon customer reviews _uhttp://www.chopac.org/cgi-bin/tools/azrev.pl?q=9694480221 |
| 942 |
_aNBS _cBK _k332.1095491 IPS 1994 _2ddc |
||
| 999 |
_c345723 _d345723 |
||